| Tag |
First Indicator |
Second Indicator |
Subfields |
| LEADER |
00000cgm a2200000Mi 4500 |
| 001 |
in00005512021 |
| 006 |
m o c |
| 007 |
vz |za||| |
| 007 |
cr |za|||||||| |
| 008 |
170323s2015 cau003 f o vleng d |
| 005 |
20241105202758.8 |
| 035 |
|
|
|a (OCoLC)on1017728709
|
| 040 |
|
|
|a SGPBL
|b eng
|e rda
|e pn
|c SGPBL
|d OCLCO
|d OCLCF
|d NRC
|d OCLCO
|
| 020 |
|
|
|a 9781506372181
|q (streaming video)
|
| 020 |
|
|
|a 150637218X
|
| 035 |
|
|
|a (OCoLC)1017728709
|
| 041 |
0 |
|
|a eng
|j eng
|
| 050 |
|
4 |
|a HV9278
|b .C53 2015
|
| 082 |
0 |
4 |
|a 364.630973
|
| 049 |
|
|
|a TXAM
|
| 245 |
0 |
0 |
|a CJ careers :
|b probation officer.
|
| 264 |
|
1 |
|a Los Angeles, CA :
|b SAGE Publications, Inc,
|c 2015.
|
| 300 |
|
|
|a 1 online resource (1 video file (2 min., 38 sec.)) :
|b sound, colour.
|
| 336 |
|
|
|a two-dimensional moving image
|b tdi
|2 rdacontent
|
| 337 |
|
|
|a computer
|b c
|2 rdamedia
|
| 337 |
|
|
|a video
|b v
|2 rdamedia
|
| 338 |
|
|
|a online resource
|b cr
|2 rdacarrier
|
| 511 |
0 |
|
|a Practitioner, Jessica Johnston.
|
| 520 |
8 |
|
|a Jessica Johnston discusses her career as a probation officer and why she chose to enter the field.
|
| 546 |
|
|
|a Closed-captioned in English.
|
| 588 |
|
|
|a Description based on XML content.
|
| 650 |
|
0 |
|a Probation officers.
|
| 650 |
|
6 |
|a Agents de probation.
|
| 650 |
|
7 |
|a Probation officers.
|2 fast
|0 (OCoLC)fst01077803
|
| 700 |
1 |
|
|a Johnston, Jessica,
|e on-screen presenter.
|
| 856 |
4 |
0 |
|u http://proxy.library.tamu.edu/login?url=https://sk.sagepub.com/video/cj-careers-probation-officer
|z Connect to this streaming video
|t 0
|
| 955 |
|
|
|a SAGE Video Criminology and Criminal Justice
|
| 994 |
|
|
|a 92
|b TXA
|
| 999 |
f |
f |
|s 58b35ba3-1694-4193-9e6c-1d3896cba04b
|i a1ad44e6-bfbc-4873-b7b6-76be66689d6b
|t 0
|
| 952 |
f |
f |
|a Texas A&M University
|b College Station
|c Electronic Resources
|d Available Online
|t 0
|e HV9278 .C53 2015
|h Library of Congress classification
|
| 998 |
f |
f |
|a HV9278 .C53 2015
|t 0
|l Available Online
|